|
|
|
|
| LEADER |
00000cam a2200000 i 4500 |
| 001 |
1/34478 |
| 008 |
941103s1976 eng d |
| 020 |
|
|
|a 047105464X
|
| 035 |
|
|
|l 10039663
|
| 035 |
|
|
|a 1987
|
| 040 |
|
|
|a GR-MY-UA
|b gre
|e aacr
|
| 041 |
0 |
|
|a eng
|
| 082 |
0 |
|
|a 515.8
|
| 100 |
1 |
|
|a Bartle, Robert G.,
|d 1927-2003.
|
| 245 |
1 |
4 |
|a The elements of real analysis /
|c Robert G. Bartle
|
| 250 |
|
|
|a 2nd ed.
|
| 260 |
|
|
|a New York :
|b Wiley,
|c c1989
|
| 300 |
|
|
|a xv, 480 p.;
|b ill.;
|c 24 cm.
|
| 504 |
|
|
|a Includes bibliographical references and index
|
| 650 |
0 |
0 |
|a Mathematical analysis.
|
| 852 |
|
|
|a INST
|b SAMOS
|e 19941103
|h 515.8 BAR
|p 005300001302
|q 005300001302
|t BK
|y 0
|
| 852 |
|
|
|a INST
|b SAMOS
|e 19980616
|h 515.8 BAR
|p 005300011146
|q 005300011146
|t BK
|y 0
|
| 852 |
|
|
|a INST
|b SAMOS
|e 19980616
|h 515.8 BAR
|p 005300011147
|q 005300011147
|t BK
|y 0
|
| 852 |
|
|
|a INST
|b SAMOS
|e 20001219
|h 515.8 BAR
|p 005300018180
|q 005300018180
|t BK
|y 0
|
| 852 |
|
|
|a INST
|b SAMOS
|e 20001219
|h 515.8 BAR
|p 005300018181
|q 005300018181
|t BK
|y 0
|
| 852 |
|
|
|a INST
|b SAMOS
|e 20010406
|h 515.8 BAR
|p 005300021415
|q 005300021415
|t BK
|y 0
|
| 852 |
|
|
|a INST
|b SAMOS
|e 20010406
|h 515.8 BAR
|p 005300021416
|q 005300021416
|t BK
|y 0
|
| 852 |
|
|
|a INST
|b SAMOS
|e 20010406
|h 515.8 BAR
|p 005300021417
|q 005300021417
|t BK
|y 0
|
| 901 |
|
|
|a BIBL3-2001-1
|
| 901 |
|
|
|a BIBL3-1998-2
|
| 901 |
|
|
|a BIBL3-2000-3
|
| 909 |
|
|
|a Σ
|b 086004
|
| 909 |
|
|
|a Σ
|b 086005
|
| 909 |
|
|
|a Σ
|b 086006
|
| 909 |
|
|
|a Σ
|b 008295
|
| 909 |
|
|
|a Σ
|b 081442
|
| 909 |
|
|
|a Σ
|b 081443
|
| 909 |
|
|
|a Σ
|b 056695
|
| 909 |
|
|
|a Σ
|b 056696
|
| 922 |
|
|
|a 3ΕΛΗ
|b 200008
|c ΤΣΑΕ
|d ΠΑΠΑΣΩΤΗΡΙΟΥ
|
| 922 |
|
|
|a 3ΕΛΗ
|b 199805
|c ΚΠΣ
|d ΠΑΠΑΣΩΤΗΡΙΟΥ
|
| 922 |
|
|
|a 3ΕΛΗ
|b 200011
|c ΤΣΑΕ
|d ΠΑΠΑΣΩΤΗΡΙΟΥ
|
| 970 |
|
|
|a ΠΟΥΡΝΑΡΑΣ
|b ΔΗΜΗΤΡΗΣ
|z 2000/12/19
|